000 00559nam a2200229Ia 4500
003 OSt
005 20221005115910.0
006 a|||||r|||| 00| 0
007 ta
008 221004b |||||||| |||| 00| 0 eng d
024 _a58193
037 _cTextual
040 _aCRL
_cCRL
_beng
041 _2eng
_aeng
082 _aV2:241:N5, H5
100 _aMookerjee H C
_9346204
245 0 _aCongress and the masses
260 _c1945
650 _aHISTORY
942 _hV2:241:N5, H5
_cTEXL
_2cc
999 _c1036260
_d1036260